00381nam a2200121Ia 4500008004100000082001900041100002500060245001600085260006200101300001000163630001800173650006800191211109s9999||||xx |||||||||||||| ||und|| a891.434bTHR-R aTripathi, Ram Murthi 0aRayasya Vad bRajkamal Prakashan Pvt Ltd DelhiaOxford City Pressc1900 a168p. xGeneral stack aHindi literaturevHindi fictionxLiterature & rhetoricGeneralia